Datos para el estudio de la participación de la población en la actividad económica.Argentina 1947-1980 (Registro nro. 4101)

Detalles MARC
000 -LEADER
fixed length control field 00982 a2200241 4500
001 - CONTROL NUMBER
control field 45973
005 - DATE AND TIME OF LATEST TRANSACTION
control field 20260407155733.0
008 - FIXED-LENGTH DATA ELEMENTS--GENERAL INFORMATION
fixed length control field 260407a1989 arg spa d
003 - CONTROL NUMBER IDENTIFIER
control field AR-UNSa-BCEJYS
040 ## - CATALOGING SOURCE
Original cataloging agency AR-UNSa-BCEJYS
Language of cataloging spa
Transcribing agency AR-UNSa-BCEJYS
080 ## - UNIVERSAL DECIMAL CLASSIFICATION NUMBER
Universal Decimal Classification number 314.93
Common auxiliary subdivision Composición y distribución de acuerdo con las características económicas y sociales
041 ## - LANGUAGE CODE
Language code of text/sound track or separate title spa
100 1# - MAIN ENTRY--PERSONAL NAME
Personal name Geldstein, Rosa N.
245 10 - TITLE STATEMENT
Title Datos para el estudio de la participación de la población en la actividad económica.Argentina 1947-1980
264 #1 - PRODUCTION, PUBLICATION, DISTRIBUTION, MANUFACTURE, AND COPYRIGHT NOTICE
Place of production, publication, distribution, manufacture Buenos Aires :
Name of producer, publisher, distributor, manufacturer CENEP
Date of production, publication, distribution, manufacture, or copyright notice 1989
300 ## - PHYSICAL DESCRIPTION
Extent 120 p.
Dimensions 28 cm.
505 ## - FORMATTED CONTENTS NOTE
Formatted contents note 1. Prefacio – 2. Objetivo – 3. Fuentes de datos básicos y comparabilidad de la información – 4. Metodología.
590 ## - LOCAL NOTE (RLIN)
Local note niveau_biblio:m niveau_hierar:0
700 1# - ADDED ENTRY--PERSONAL NAME
Personal name Mychaszula, Sonia M.
700 1# - ADDED ENTRY--PERSONAL NAME
Personal name Grushka, Carlos O.
856 41 - ELECTRONIC LOCATION AND ACCESS
Uniform Resource Identifier <a href="https://www.biblioeco.unsa.edu.ar/pmb/images/libros/L127308.jpg">https://www.biblioeco.unsa.edu.ar/pmb/images/libros/L127308.jpg</a>
Link text Imagen de portada
Electronic format type image/jpeg
942 ## - ADDED ENTRY ELEMENTS (KOHA)
Koha item type
Existencias
Withdrawn status Lost status Damaged status Not for loan Home library Current library Shelving location Date acquired Total checkouts Full call number Barcode Date last seen Price effective from Koha item type
        Biblioteca Prof. Eusebio Cleto del Rey Biblioteca Prof. Eusebio Cleto del Rey   07/04/2026   316 M995 L127308 07/04/2026 07/04/2026 Libro